[Event "17th Karpov Trophy 2019"]
[Site "Cap d'Agde"]
[Date "2019.10.29"]
[Round "12.4"]
[White "Amin, Bassem"]
[Black "Sarana, Alexey"]
[Result "1-0"]
[WhiteElo "2699"]
[BlackElo "2655"]
[Annotator "TA"]
[PlyCount "187"]
[EventDate "2019.10.25"]
[EventType "tourn"]
[EventCountry "FRA"]
[SourceTitle "playchess.com"]
[Source "ChessBase"]
[SourceQuality "1"]

{[%evp 16,187,-6,-10,-2,-21,-18,-12,-18,-38,-41,-41,-42,-44,-27,-29,-29,-21,-21,-60,-22,-33,-20,-26,-29,-63,-50,-63,-45,-63,-54,-86,-72,-93,-62,-76,-76,-76,-76,-111,-65,-97,-61,-41,-21,-21,-21,-14,-21,-21,0,-68,-66,-74,-34,-108,-13,-14,22,0,0,0,0,0,0,0,0,0,0,0,0,0,0,0,0,0,0,0,0,0,14,0,0,0,31,31,31,31,31,31,31,31,31,31,31,31,31,31,31,0,14,0,2,0,0,0,0,0,0,0,0,0,529,0,0,0,0,-1,-1,-1,0,0,521,-1,-1,-1,-1,-1,-1,-1,-1,-1,-1,-1,-1,-1,-1,-1,-1,-1,-1,-1,0,-13,53,53,53,53,345,333,362,933,761,688,12827,12302,12828,12828,12829,5614,12835,12835,12836,12836,12838,12839,12842,12842,12843,12843,12843,12844,12845,12845]} 1. e4 c5 2. Nf3 d6 3. g3 Nf6 4. c3 g6 5. Bg2 Bg7 6. O-O O-O 7. Re1 e5 8. d3 Nc6 9. a3 b5 {A05: Réti Opening: 1 Nf3 Nf6} (9... h6 10. b4 b6 11. b5 Ne7 12. c4 a6 13. Nc3 Be6 14. Nd2 Qd7 15. Bb2 Bh3 16. Bh1 Ne8 17. a4 Nc7 {0-1 (34) Amin,B (2704)-Vachier Lagrave,M (2780) Abidjan 2019}) 10. h3 a5 11. a4 $146 ({Predecessor:} 11. Be3 a4 12. d4 Nd7 13. Bf1 Na5 14. Nbd2 exd4 15. cxd4 c4 16. Bg2 Bb7 17. Qc2 {½-½ (40) Johansson,K (2457)-Kahl,F (2435) ICCF email 2014}) 11... b4 {The position is equal.} 12. Bg5 h6 13. Bxf6 Qxf6 14. Nbd2 Be6 15. Nc4 Qd8 16. Nfd2 Rb8 17. Ne3 h5 18. Ndc4 Bh6 19. Qe2 h4 20. g4 Bf4 21. Nd5 Bg5 22. Rad1 Re8 23. Nce3 Ne7 24. c4 b3 25. Nc3 Nc6 26. Nb5 Nd4 27. Qd2 Bf4 28. Qc3 Qd7 29. Qxa5 Ra8 30. Qc7 Red8 31. Qxd7 Rxd7 32. Nc3 Rda7 33. Rb1 (33. Ned5 $11) 33... Kf8 $15 34. Kf1 Bd7 35. Ned5 (35. Nb5 $15) 35... Bc6 (35... Bxa4 $6 36. Nb6 $11) (35... Bd2 $1 $17 36. Red1 Bxc3 37. bxc3 Ne6) 36. Nb5 $1 $11 Bxd5 (36... Ra5 {seems wilder.} 37. Red1 Bxd5 38. exd5 R8a6 39. Nxd4 cxd4 40. Ra1 Rxa4 41. Rxa4 Rxa4 42. Be4 Ra7) 37. exd5 Rd7 38. Nxd4 exd4 39. Ra1 Rda7 40. Bf3 Bd2 41. Reb1 Ba5 42. Bd1 Rb8 43. Ra3 Rab7 44. Kg2 Kg7 45. g5 f6 46. gxf6+ Kxf6 47. Bg4 Bb4 48. Raa1 Ra7 49. Bf3 Kg5 50. Be4 Rf8 51. Rg1 {aiming for Kf1+.} Kh6 52. Kf1 g5 53. Ke2 Raf7 54. Rg2 Ba5 55. Rag1 Rf4 56. f3 Rg8 57. Rg4 Rxg4 58. fxg4 {[%mdl 4096] Endgame KRB-KRB} Rf8 59. Bf5 Re8+ 60. Be6 Rf8 61. Bf5 Kg7 62. Be4 Ra8 63. Rf1 Bc3 $2 {[%mdl 8192]} (63... Ra7 $11 {and Black is okay.}) 64. Rb1 $2 (64. bxc3 $18 dxc3 65. d4 cxd4 66. Kd3) 64... Bb4 65. Ra1 Kf6 66. Rf1+ Ke7 67. Ra1 Ba5 68. Bf5 Bc3 $2 {[%mdl 8192]} (68... Bb4 $11) 69. Rb1 $2 (69. bxc3 $18 dxc3 70. d4 $1 {[%mdl 512]}) 69... Bb4 70. Ra1 Kd8 71. Kd1 Kc7 72. a5 Bxa5 73. Ra3 Kb6 74. Bd7 (74. Rxb3+ $2 Bb4 $19) 74... Ra7 75. Be6 (75. Rxb3+ $2 Bb4 $19) 75... Re7 76. Ke2 (76. Rxb3+ Bb4 $17) 76... Re8 77. Kf3 ({Much worse is} 77. Rxb3+ Bb4 $17) 77... Ra8 78. Ke2 ({But not} 78. Rxb3+ Bb4 $17) 78... Ra7 79. Kf3 ({Much weaker is} 79. Rxb3+ Bb4 $17) 79... Rb7 (79... Bc3 $11 80. Rxb3+ {[%mdl 64] Double Attack} Bb4) 80. Ke4 $14 Bb4 81. Rxb3 Ka5 $2 {[%mdl 8192]} (81... Kc7 $14) 82. Kf5 $18 Ka4 83. Rxb4+ $1 cxb4 {KR-KB. White is clearly winning.} 84. c5 $1 Kb3 85. cxd6 Kxb2 86. d7 Rb8 87. d6 (87. Kf6 $142 Kc2 88. d6 Kxd3 89. Ke7) 87... Rf8+ 88. Ke5 Kc3 89. Bc4 b3 {[#]} 90. Bxb3 $1 {[%mdl 512]} Kxb3 {[#]} 91. Ke6 $1 {[%cal Re6e7]} Rh8 92. Ke7 Rh7+ {[#]} 93. Kd8 $1 {[%cal Rd8c8]} Kc3 94. Kc8 {Accuracy: White = 55%, Black = 58%.} 1-0

[Event "17th Karpov Trophy 2019"]
[Site "Cap d'Agde"]
[Date "2019.10.29"]
[Round "13.1"]
[White "Hou, Yifan"]
[Black "Bacrot, Etienne"]
[Result "1/2-1/2"]
[WhiteElo "2659"]
[BlackElo "2671"]
[Annotator "TA"]
[PlyCount "77"]
[EventDate "2019.10.25"]
[EventType "tourn"]
[EventCountry "FRA"]
[SourceTitle "playchess.com"]
[Source "ChessBase"]
[SourceQuality "1"]

{[%evp 18,77,13,11,22,10,47,11,10,23,19,5,13,0,0,0,0,-9,0,4,0,0,0,0,8,15,70,33,22,23,34,24,26,24,35,30,98,12,59,7,14,0,0,0,0,0,15,-8,0,-20,0,-48,-43,-43,-14,-14,-3,-14,-14,-14,-14,-14]} 1. e4 c5 2. Nf3 d6 3. d4 cxd4 4. Nxd4 Nf6 5. Nc3 a6 6. a4 Nc6 7. Be2 g6 8. Be3 Bg7 9. O-O O-O 10. Qd2 Bd7 {B90: Sicilian Najdorf: Unusual White 6th moves, 6 Be3 Ng4 and 6 Be3 e5} (10... Rb8 11. h3 Bd7 12. Rfd1 Rc8 13. Nxc6 Bxc6 14. f3 Nh5 15. a5 Ng3 16. Bd3 f5 17. Qe1 f4 18. Bc4+ {½-½ (37) Karjakin,S (2752)-Vachier Lagrave,M (2780) Abidjan 2019}) 11. f3 Rb8 12. Nb3 Na5 $146 ({Predecessor:} 12... Re8 13. a5 Be6 14. Bb6 Qc8 15. Nd5 Ne5 16. Ra4 Ned7 17. Rc4 Nc5 18. Nxc5 Bxd5 19. exd5 {½-½ (34) Korman,J (1661)-Berteau,F (1859) Differdange 2007}) 13. Nxa5 Qxa5 14. Rfd1 Rfc8 15. Ba7 Ra8 16. Bd4 Be6 17. Bf1 Nd7 18. Bxg7 Kxg7 19. Qf2 Qc5 20. Rd2 Qb4 21. Nd1 b5 (21... Qc5 $11) 22. c3 Qa5 23. b4 Qc7 24. axb5 axb5 25. Rxa8 Rxa8 26. Bxb5 Ne5 (26... Ra1 $11 {remains equal.}) 27. h3 (27. f4 $16 Nc6 28. Ne3) 27... g5 $11 28. Be2 (28. Kh2 $14) 28... f6 29. Qd4 Ra1 30. Kf2 Nc6 31. Qe3 Ne5 32. b5 {[%cal Bb4b5,Bb5b6][%mdl 32]} Bc4 33. b6 Qc6 34. Qd4 {[#] Threatens to win with b7!} (34. Rb2 $5 {[%cal Rb6b7]} Qb7 35. Rb4 $14) 34... Bxe2 35. Rxe2 Nc4 (35... Ra4 $5 {[%cal Ra4d4]} 36. Qd5 Qxb6+ 37. Ne3 Ng6 $15) 36. Kg3 {The position is equal.} Qxb6 37. Ne3 Qxd4 38. cxd4 Nxe3 39. Rxe3 {Accuracy: White = 31%, Black = 56%.} 1/2-1/2

[Event "17th Karpov Trophy 2019"]
[Site "Cap d'Agde"]
[Date "2019.10.29"]
[Round "13.2"]
[White "Khademalsharieh, Sarasadat"]
[Black "Paehtz, Elisabeth"]
[Result "1/2-1/2"]
[WhiteElo "2491"]
[BlackElo "2489"]
[Annotator "TA"]
[PlyCount "24"]
[EventDate "2019.10.25"]
[EventType "tourn"]
[EventCountry "FRA"]
[SourceTitle "playchess.com"]
[Source "ChessBase"]
[SourceQuality "1"]

{[%evp 13,24,16,19,23,27,5,75,0,25,0,75,0,34]} 1. d4 d5 2. c4 c6 3. cxd5 cxd5 4. Bf4 Nf6 5. Nc3 Nc6 6. e3 Bf5 7. Qb3 Na5 8. Qa4+ {D10: Slav Defence: 3 cxd5 (without early Nf3) and 3 Nc3} Bd7 9. Qd1 $146 ({Predecessor:} 9. Qc2 e6 10. Nf3 Be7 11. Bd3 Nc6 12. Qe2 Nh5 13. Be5 f6 14. Bg3 f5 15. Nd2 g6 {½-½ (29) Aronian,L (2756)-Yu,Y (2736) Riga 2019}) 9... Bf5 (9... e6 $11 {remains equal.}) 10. Qa4+ Bd7 11. Qd1 Bf5 12. Qa4+ Bd7 1/2-1/2

[Event "17th Karpov Trophy 2019"]
[Site "Cap d'Agde"]
[Date "2019.10.29"]
[Round "13.3"]
[White "Amin, Bassem"]
[Black "Sebag, Marie"]
[Result "0-1"]
[WhiteElo "2699"]
[BlackElo "2445"]
[Annotator "TA"]
[PlyCount "124"]
[EventDate "2019.10.25"]
[EventType "tourn"]
[EventCountry "FRA"]
[SourceTitle "playchess.com"]
[Source "ChessBase"]
[SourceQuality "1"]

{[%evp 18,124,8,-1,0,0,-9,-12,29,0,14,0,8,-23,10,0,0,0,12,-116,-21,-62,-62,-63,0,-11,-16,-8,76,83,74,27,34,39,36,-233,-214,-228,-206,-216,-215,-376,-250,-238,-251,-242,-243,-223,-204,-192,-180,-136,-107,-101,-127,-152,-141,-141,-141,-144,-141,-404,-385,-5622,-6187,-5106,-5065,-29979,-29980,-29992,-29993,-29993,-29991,-29991,-29992,-29992,-29993,-29993,0,-29988,0,-29991,-1225,-1005,-971,-757,-452,-699,-641,-29965,-1620,-963,-900,-630,-362,-342,-341,-406,-406,-406,-384,-29964,-29963,-4845,-4845,-29997,-29998,-29998,-29999]} 1. e4 c5 2. Nf3 d6 3. g3 Nf6 4. c3 Nbd7 5. d3 b6 6. Bg2 Bb7 7. O-O g6 8. Re1 Bg7 9. Nbd2 O-O 10. d4 cxd4 {A05: Réti Opening: 1 Nf3 Nf6} 11. cxd4 e5 12. d5 Rc8 $146 {The position is equal.} ({Predecessor:} 12... Nc5 13. Bf1 Ne8 14. b4 Nd7 15. a4 f5 16. a5 fxe4 17. Nxe4 Ndf6 18. Bg5 {1-0 (40) Saric,I (2632)-Tejedor Fuente,E (2361) Linares 2017}) 13. a4 Nc5 14. Bf1 a5 15. Bb5 h6 16. Qe2 Nh7 17. Nh4 Ng5 18. b3 (18. Ra3 $11 {remains equal.}) 18... Kh7 (18... Nh3+ $1 $17 19. Kh1 f5 20. Nxg6 Rf6 21. exf5 Rxf5) 19. Ba3 f5 20. exf5 gxf5 (20... Nh3+ $1 $15 21. Kg2 Nf4+ 22. gxf4 Qxh4 23. Bxc5 Bxd5+ 24. f3 Rxc5 25. fxg6+ Kh8) 21. Bc4 $1 $11 e4 {White must now prevent ...Nh3+.} 22. Rad1 $1 Nd3 (22... Nh3+ $11 23. Kh1 Nf4 $1 {[%mdl 512]} 24. gxf4 Qxh4) 23. Bxd3 $16 exd3 24. Qxd3 {Nc4 is the strong threat.} (24. Qe3 $5 {[%cal Rf2f4]}) 24... Nh3+ 25. Kf1 $1 {Hoping for Nc4.} Rc3 26. Qb1 $2 {[%mdl 8192]} (26. Qe2 $14 {was forced to keep a grip.}) 26... Ba6+ $1 $19 ({And not} 26... Bxd5 27. Bb2 $16) 27. Nc4 Bxc4+ 28. bxc4 {aiming for Rd3.} Rxa3 29. Re6 $2 (29. Kg2 {was forced.} Nf4+ 30. Kh1) 29... Ra1 30. Qc2 Rxd1+ $1 31. Qxd1 Ng5 32. Re3 Re8 33. Nxf5 Rxe3 34. Nxe3 Qd7 35. Qb1+ Kg8 36. Qxb6 Qh3+ $1 37. Ke2 {[#]} Qh5+ $1 (37... Ne4 38. Qb8+ Kh7 39. Qe8 $15 (39. Qb1 Qh5+ 40. g4 Qg6 $17)) 38. g4 Qxh2 39. Qxa5 $2 {[%mdl 8192]} (39. Qb8+ $17 Bf8 40. Qb1) 39... Ne4 40. Kf3 $2 (40. Qe1) 40... Qh1+ 41. Ke2 Nc3+ 42. Kd2 Qf3 43. Qd8+ {[#]} Kh7 $1 44. Kc1 Qxf2 45. Qb6 Qe1+ 46. Kc2 Qe2+ 47. Kc1 Qe1+ 48. Kc2 Qf2+ 49. Kc1 Nxa4 (49... Ne4 $142 50. Qb4 Qxe3+ 51. Kc2 Qe2+ 52. Kc1 Be5 53. a5 Nc3 54. Qb7+ {[#]} Kg6 $1 {[%mdl 512]} 55. Qb1+ Nxb1 56. a6 Qd2+ 57. Kxb1 Qb2#) 50. Qb1+ Kg8 51. Qb8+ Qf8 52. Qa7 (52. Qxf8+ $142 Kxf8 53. Kc2) 52... Qf4 {And now ...Nc5 would win.} 53. Kc2 Qe4+ (53... Qh2+ $142 54. Kd1 Nc3+ 55. Kc1 Qg1+ 56. Kd2 Qf2+ 57. Kc1 Ne4 58. Qb8+ Kh7 59. Qb4 Qxe3+ 60. Kc2 Qe2+ 61. Kb3 Qd1+ 62. Ka2 Nc3+ 63. Qxc3 Bxc3 64. c5 Qc2+ 65. Ka3 Qb2+ 66. Ka4 Qb4#) 54. Kd2 Bc3+ 55. Ke2 Nc5 56. Qb8+ Kh7 {Threatens to win with ...Qd3+.} 57. Qc7+ Bg7 58. Qxd6 Nd3 59. Kd2 $2 (59. c5 $19 Ne5 60. Qa6) 59... Nf4 60. Qa3 {[#]} Qf3 $1 {( -> ...Qe2+)} 61. Qe7 Qe2+ 62. Kc1 Nd3+ {Accuracy: White = 38%, Black = 51%.} 0-1

[Event "17th Karpov Trophy 2019"]
[Site "Cap d'Agde"]
[Date "2019.10.29"]
[Round "13.4"]
[White "Sarana, Alexey"]
[Black "Nihal Sarin"]
[Result "1/2-1/2"]
[WhiteElo "2655"]
[BlackElo "2610"]
[Annotator "TA"]
[PlyCount "51"]
[EventDate "2019.10.25"]
[EventType "tourn"]
[EventCountry "FRA"]
[SourceTitle "playchess.com"]
[Source "ChessBase"]
[SourceQuality "1"]

{[%evp 15,51,15,32,8,38,27,11,-10,-8,-33,0,-3,17,4,0,16,0,18,4,0,0,0,0,0,30,0,0,0,0,0,0,0,0,0,0,0,0,0]} 1. d4 Nf6 2. c4 e6 3. Nf3 d5 4. Nc3 Bb4 5. Bg5 dxc4 6. e4 h6 7. Bxf6 Qxf6 8. Bxc4 c5 9. O-O {Black must now prevent Nb5. D39: Queen's Gambit Declined: Ragozin Defence with 5 Bg5 dxc4} cxd4 10. e5 (10. Nb5 Qe7 11. Qxd4 O-O 12. Nxa7 Bc5 13. Nxc8 Rxc8 14. Qd3 Nc6 15. Qe2 Rd8 16. Rad1 Nd4 17. Nxd4 Rxd4 18. Rxd4 Bxd4 {½-½ (30) Grachev,B (2621)-Inarkiev,E (2693) Mali Losinj 2019}) 10... Qd8 11. Ne4 O-O 12. Nxd4 Be7 $146 (12... Qc7 $5 {[%cal Rc7c4]} 13. Qc2 Qxe5 $11) ({Predecessor:} 12... Qc7 13. Nf6+ Kh8 14. Qb3 Bc5 15. Nb5 Qxe5 16. Rae1 Qxf6 17. Nc7 b6 18. Nxa8 {0-1 (37) Baikov,V (2418)-Grigoriants,S (2560) Moscow 2010}) 13. Nb5 Nc6 14. Qh5 Qa5 15. f4 Qb6+ 16. Kh1 Nd4 17. Nxd4 Qxd4 {[%mdl 64] [#] Double Attack} 18. Qe2 b5 19. Bxb5 Bb7 20. Bd3 Rad8 {The position is equal.} 21. Rad1 Qb6 22. Nc3 Rd4 23. Nb5 $1 {[%cal Rb5d4]} Rd5 24. Nc3 Rd4 25. Nb5 $1 {[%cal Rb5d4]} Rd5 26. Nc3 {Accuracy: White = 76%, Black = 83%.} 1/2-1/2

[Event "17th Karpov Trophy 2019"]
[Site "Cap d'Agde"]
[Date "2019.10.30"]
[Round "14.1"]
[White "Paehtz, Elisabeth"]
[Black "Sarana, Alexey"]
[Result "1/2-1/2"]
[WhiteElo "2489"]
[BlackElo "2655"]
[Annotator "TA"]
[PlyCount "66"]
[EventDate "2019.10.25"]
[EventType "tourn"]
[EventCountry "FRA"]
[SourceTitle "playchess.com"]
[Source "ChessBase"]
[SourceQuality "1"]

{[%evp 17,66,14,24,13,22,18,20,11,6,-22,-15,-24,-24,-30,-33,-31,-8,-14,-7,-14,6,0,0,0,0,0,24,31,45,17,43,25,83,87,82,75,70,67,77,81,77,84,65,82,77,0,29,0,63,0,18]} 1. d4 Nf6 2. Nf3 d5 3. Bf4 c5 4. e3 Nc6 5. Nbd2 e6 6. c3 Bd6 7. Bg3 O-O 8. Bd3 Qe7 9. Ne5 Nd7 10. Nxd7 {D02: 1 d4 d5 2 Nf3 sidelines, including 2...Nf6 3 g3 and 2...Nf6 3 Bf4} Qxd7 11. dxc5 Bxc5 12. Qe2 $146 ({Predecessor:} 12. O-O Bd6 13. Qc2 h6 14. Nf3 b6 15. e4 Bxg3 16. hxg3 dxe4 17. Bxe4 Bb7 {1-0 (55) Nguyen,N (2620)-Magalashvili,D (2508) Batumi 2018}) 12... e5 13. e4 d4 14. Nb3 Bb6 15. O-O dxc3 16. bxc3 Qe7 17. Bc4 Be6 18. Bd5 Rad8 19. Rad1 Rfe8 20. Kh1 f6 21. f3 Qf7 {[%cal Re6d5]} 22. c4 Kh8 23. Bf2 Qe7 24. Rb1 Bc8 (24... Bxf2 $11 25. Qxf2 Rd6) 25. Bxb6 $16 axb6 26. Qb2 Rd6 27. Nc1 {[%cal Bb3c1,Bc1e2,Be2c3,Bc3b5][%mdl 32]} Nd4 28. Ne2 Ne6 29. Nc3 Nc5 30. Nb5 Rdd8 31. Nc3 Rd6 32. Nb5 Rdd8 33. Nc3 Rd6 {Accuracy: White = 68%, Black = 59%.} 1/2-1/2

[Event "17th Karpov Trophy 2019"]
[Site "Cap d'Agde"]
[Date "2019.10.30"]
[Round "14.2"]
[White "Bacrot, Etienne"]
[Black "Khademalsharieh, Sarasadat"]
[Result "1-0"]
[WhiteElo "2671"]
[BlackElo "2491"]
[Annotator "TA"]
[PlyCount "93"]
[EventDate "2019.10.25"]
[EventType "tourn"]
[EventCountry "FRA"]
[SourceTitle "playchess.com"]
[Source "ChessBase"]
[SourceQuality "1"]

{[%evp 13,93,5,7,0,18,20,34,6,12,16,13,15,16,-26,-25,-17,-25,-59,-31,-64,-45,-75,-33,-34,0,0,20,0,65,67,102,60,78,72,57,65,75,-61,24,0,0,0,0,0,8,8,8,0,170,170,168,168,187,52,56,58,324,310,693,592,488,241,654,435,562,475,483,33,789,691,1035,1010,3304,2678,2253,2331,29978,29978,29985,29986,29986,29982]} 1. Nf3 d5 2. e3 Nf6 3. c4 e6 4. b3 c5 5. Bb2 Nc6 6. cxd5 exd5 7. Bb5 Bd6 8. d4 {A13: English Opening: 1...e6} Qa5+ (8... cxd4 9. Nxd4 O-O 10. O-O Qb6 11. Bd3 Be5 12. Qd2 Nxd4 13. exd4 Bd6 14. Nc3 Bd7 15. Rfe1 Rfe8 {0-1 (62) Mamedyarov,S (2801)-Giri,A (2782) chess.com INT 2018}) 9. Nc3 Ne4 10. dxc5 {White is slightly better.} Nxc3 11. Bxc6+ $1 bxc6 12. Qd2 Qxc5 13. Qxc3 $146 (13. Bxc3 {is interesting.} O-O 14. O-O Bf5 15. Bd4 Qb4 16. Qxb4 Bxb4 17. Rfc1) ({Predecessor:} 13. Bxc3 O-O 14. O-O Qb6 15. Rfc1 Be6 {½-½ (36) Drazic,S (2508)-Novikov,I (2611) Korinthos 2000}) 13... Qxc3+ 14. Bxc3 f6 15. O-O-O Kf7 16. Kb2 Re8 17. Rd4 Bf5 18. Rc1 Re4 19. Rxe4 Bxe4 (19... dxe4 {keeps more tension.} 20. Nd2 Rd8 21. h3 h5 22. Kc2 Ba3) 20. Bd4 Rc8 (20... Bxf3 $1 $11 21. gxf3 a6) 21. Bxa7 $14 c5 22. b4 {[%cal Ra7c5]} c4 23. a3 $1 {[%cal Ba2a3,Ba3a4,Ba4a5,Ba5a6][%mdl 32]} g5 24. h3 h5 25. b5 (25. Bd4 $16) 25... Ke7 (25... Ra8 $15 26. b6 Bb8) 26. a4 Ra8 27. b6 Kd7 28. a5 Bxf3 29. gxf3 $11 {[%mdl 4096] Endgame KRB-KRB} Kc6 30. Kc2 Kb5 $2 (30... Rd8 $11 {and Black has nothing to worry.}) 31. Rd1 $18 Kc6 {[#]} 32. a6 $1 {Strongly threatening e4.} Be5 {[#]} 33. Rb1 (33. h4 $1 $18) 33... Bd6 34. Kc3 {Threatens to win with e4.} Be5+ $2 {[%mdl 8192]} (34... Kc5 $1 $14) 35. Kb4 Bd6+ $2 (35... Bc7 36. e4 (36. bxc7 Kxc7 37. Kb5 Rxa7 $16) 36... Bxb6 37. exd5+ Kxd5 38. Bxb6 Rxa6) 36. Ka5 Be5 37. Rc1 (37. Rb5 $142) 37... h4 $2 (37... Kc5 38. Rc2 Bd6) 38. Rb1 Bc3+ 39. Ka4 Be5 {Black hopes to continue with ...Bb8.} 40. Rb5 $2 (40. e4 $18) 40... f5 $2 {[%mdl 8192] [#]} (40... c3 $14 41. Rb1 Kc5) 41. e4 $1 {[%mdl 512]} fxe4 (41... dxe4 42. Rxe5) 42. fxe4 g4 43. exd5+ Kd7 44. d6 {[%mdl 64] Promotion} Bxd6 45. Rd5 {White mates.} g3 46. b7 gxf2 47. Bxf2 {Accuracy: White = 40%, Black = 32%.} 1-0

[Event "17th Karpov Trophy 2019"]
[Site "Cap d'Agde"]
[Date "2019.10.30"]
[Round "14.3"]
[White "Nihal Sarin"]
[Black "Amin, Bassem"]
[Result "1/2-1/2"]
[WhiteElo "2610"]
[BlackElo "2699"]
[Annotator "TA"]
[PlyCount "31"]
[EventDate "2019.10.25"]
[EventType "tourn"]
[EventCountry "FRA"]
[SourceTitle "playchess.com"]
[Source "ChessBase"]
[SourceQuality "1"]

{[%evp 12,31,43,27,27,21,35,36,43,-31,-37,-124,-35,-44,-28,-37,-37,-37,-7,-4,0,0]} 1. d4 d5 2. c4 e6 3. Nf3 Nf6 4. Nc3 Be7 5. Bf4 O-O 6. e3 a6 7. Qc2 dxc4 {D37: Queen's Gambit Declined: 5 Bf4} 8. Bxc4 b5 9. Bd3 Bb7 {White is slightly better.} 10. Ne4 $146 (10. O-O $14) ({Predecessor:} 10. O-O Nbd7 11. Rfd1 Rc8 12. Ne5 Qe8 13. Ne4 Nd5 14. Nxd7 Nb4 15. Ndf6+ gxf6 {1-0 (34) Kortschnoj,V (2605)-Short,N (2655) Monte Carlo 1993}) 10... Nd5 $1 $15 11. Rd1 (11. Neg5 $15 g6 12. Be4) 11... Nb4 (11... Nxf4 $17 12. exf4 f5) 12. Qb1 Nxd3+ 13. Qxd3 Nd7 14. O-O c5 15. dxc5 Nxc5 16. Nxc5 {Accuracy: White = 48%, Black = 48%.} 1/2-1/2

[Event "17th Karpov Trophy 2019"]
[Site "Cap d'Agde"]
[Date "2019.10.30"]
[Round "14.4"]
[White "Sebag, Marie"]
[Black "Hou, Yifan"]
[Result "0-1"]
[WhiteElo "2445"]
[BlackElo "2659"]
[Annotator "TA"]
[PlyCount "128"]
[EventDate "2019.10.25"]
[EventType "tourn"]
[EventCountry "FRA"]
[SourceTitle "playchess.com"]
[Source "ChessBase"]
[SourceQuality "1"]

{[%evp 15,128,6,27,14,26,18,30,0,18,-57,-18,-17,-11,-19,-20,-21,-29,-19,-14,-7,-20,-43,-19,-27,0,0,0,0,0,0,0,0,0,-21,33,0,1,10,10,10,37,23,23,23,25,28,175,201,213,191,167,183,183,8,169,0,0,0,0,0,0,0,0,0,0,-59,-60,-94,-98,-259,-259,-231,-15,-16,-17,-41,-48,-212,-166,-176,-165,-110,-110,-1253,-1096,-874,-828,-1100,-278,-367,-365,-1427,-468,-509,-428,-404,-140,-184,-201,-1129,-1147,-1130,-1077,-1030,-482,-1263,-1109,-29978,-29979,-29979,-29980,-29980,-29981,-29979,-29980]} 1. e4 c5 2. Nf3 e6 3. c3 d5 4. exd5 Qxd5 5. d4 Nf6 6. Na3 Qd8 7. Nc2 Nc6 8. Bd3 Be7 9. O-O {B22: Sicilian: 2 c3} O-O 10. Qe2 b6 11. Rd1 $146 {White has an edge.} ({Predecessor:} 11. Bf4 Bb7 12. Rad1 cxd4 13. Ncxd4 Nxd4 14. Nxd4 Qd5 15. f3 Qc5 16. Kh1 Rad8 {0-1 (61) Feuerstack,A (2441)-Koch,T (2474) Magdeburg 2019}) 11... Qc7 12. c4 (12. dxc5 $11 bxc5 13. Na3) 12... cxd4 13. Ncxd4 Nxd4 14. Nxd4 Bb7 15. Be3 Rad8 16. h3 h6 17. Rac1 Rd7 18. Nb3 Rfd8 19. c5 {Threatening cxb6.} Qc6 {[%csl Gb7][%cal Rc6g2]} 20. f3 bxc5 21. Nxc5 Bxc5 22. Rxc5 Qa4 $1 23. b3 Qa3 24. Rcc1 Rd5 (24... Nd5 $11 25. Bc5 Qa5) 25. Bc4 Rxd1+ 26. Rxd1 Rxd1+ 27. Qxd1 Bd5 28. Bd3 $36 {[%mdl 2048] Black should prevent Qc2. White has some pressure.} Qxa2 29. Qc1 {White wants to mate with Qc8+.} Kh8 $1 30. Bd4 {White threatens Bxf6 and mate.} Qxb3 (30... Ng8 $1 $11 {and Black is okay.}) 31. Bc2 $1 $18 {[%cal Rc2b3]} Qb7 32. Bxf6 $1 {[%mdl 64] Overworked Piece} gxf6 33. Qxh6+ {[%mdl 64] Double Attack} Kg8 34. Bh7+ ({Weaker is} 34. Qxf6 Qc7 $11) 34... Kh8 35. Bd3+ $2 ({White has to play} 35. h4 $1 $18) 35... Kg8 $11 36. Qxf6 Qb6+ 37. Kf1 Qe3 38. Qc3 Kf8 39. Qa3+ Kg7 40. Qc3+ (40. Qa1+ $11 e5 41. Be2) 40... e5 $15 {...a5! is the strong threat.} 41. Qc2 {[#]} a5 $1 {[%cal Ra5a4]} 42. Qe2 $2 (42. Be2 $17 {was called for.}) 42... Qd4 $19 43. Qd2 {[#]} Bc4 $2 (43... f6 $1 $19 {Hoping for ...a4.} 44. Ke2 Qg1 45. Qxa5 Qxg2+ {[%mdl 64] Double Attack} 46. Ke1 Qg3+ 47. Kd2 Qf4+ 48. Kc2 Bxf3 49. Qc7+ Kh6 50. Qh7+ Kg5 51. Qg6+ Kh4) 44. Qg5+ $11 Kf8 45. Bxc4 Qxc4+ {[%mdl 4096] Endgame KQ-KQ} 46. Kf2 $2 (46. Kg1 $1 $15) 46... Qd4+ $19 47. Ke2 a4 {[%cal Ba5a4,Ba4a3][%mdl 32]} 48. Qh6+ (48. Qc1 $19) 48... Ke7 {Threatens to win with ...Qc4+.} 49. Qa6 $2 {[%mdl 8192]} (49. Qc1 $17) 49... Qb2+ 50. Ke3 a3 {And now ...a2 would win.} 51. Qc6 Qd4+ $2 (51... Qb3+ 52. Kf2 a2 53. Qc7+ Kf6 54. Qd8+ Ke6 55. Qe8+ Kd6 56. Qd8+ Kc5 57. Qc7+ Kb4 58. Qd6+ Kc3 59. Qxe5+ Kc2) 52. Ke2 Qa7 (52... Qb2+ $2 53. Ke3 $19) 53. Qd5 $2 (53. Qc3 Qa6+ 54. Kd2) 53... Qa6+ (53... Qb6 $142 {White must now prevent ...Qb2+.} 54. Qc4 Qb2+ 55. Kf1 a2 56. Qc7+ Kf6 57. Qd8+ Ke6 58. Qc8+ Kd6 59. Qf8+ Kc7 60. Qe7+ Kc6 61. Qe8+ Kc5 62. Qe7+ Kc4 63. Qxf7+ Kc3 64. Qc7+ Kd3 65. Qd6+ Kc2 66. Qc6+ Qc3 67. Qa4+ Kb2 68. Qb5+ Kc1) 54. Kf2 Qb6+ 55. Kg3 Qg6+ $2 (55... Qe6 $19 56. Qc5+ Qd6) 56. Kh2 $17 {White wants to play Qb7+.} Qd6 57. Qb7+ $2 (57. Qe4) 57... Kf6 $19 58. Qa8 e4+ 59. Kg1 Qd4+ (59... Qc5+ $142 60. Kh1 e3 61. Qh8+ Ke7 62. Qh4+ Ke8) 60. Kf1 (60. Kh1 $142 Qd1+ 61. Kh2 Qd6+ 62. Kh1) 60... Qd3+ 61. Ke1 e3 {Black mates.} 62. Qh8+ Ke7 63. Qh4+ f6 64. Qb4+ Kf7 {Accuracy: White = 30%, Black = 48%.} 0-1